| 000 | 00567nam a22001932 4500 | ||
|---|---|---|---|
| 001 | 0000007038 | ||
| 005 | 20151021151111.0 | ||
| 008 | 071109s xx 000 0 eng d | ||
| 020 |
_a9966710302 : _cKES 370 |
||
| 040 |
_aKABU _cKABU |
||
| 100 | 1 |
_aKiema, S. _@0000158068 |
|
| 245 | 1 | 0 |
_aBusiness communication and ethics / _cS. Kiema. |
| 260 |
_aNairobi : _bPrint Options, _c2005. |
||
| 300 |
_aiv, 171 p. ; _cm. |
||
| 650 | 0 |
_aBusiness communication. _@0000148326 |
|
| 908 | _a071109 | ||
| 950 | _@1 | ||
| 999 |
_c679 _d679 |
||